000 00322nam a2200133Ia 4500
008 151001s9999||||xx |||||||||||||| ||und||
100 _a गुलजार
245 _aमेरे अपने
250 _a1
260 _bराधाकृष्ण
260 _c1997
300 _a14
365 _b21
999 _c992521
_d992518